[Event "DVM U16w 2024"]
[Site "Neumünster GER"]
[Date "2024.12.27"]
[Round "1"]
[White "Glotz, Diana"]
[Black "Striebeck, Liv"]
[Result "1-0"]
[Termination "normal"]
[Board "2.3"]
[WhiteElo "1641"]
[BlackElo "1448"]
[WhiteClock "00:24:42"]
[BlackClock "00:09:44"]
[WhiteTeam "SSV Altenberg"]
[BlackTeam "TuRa Harksheide 1945 Norderstedt"]
[PlyCount "79"]
[WhiteFideId "16278500"]
[BlackFideId "16275438"]
[EventCountry "GER"]
[EventRounds "7"]
[EventType "team-swiss"]
[EventDate "2024.12.26"]

1. d4 {[%clk 01:29:30]} {[%emt 00:01:30]} d5 {[%clk 01:30:53]} {[%emt
00:00:07]} 2. Nc3 {[%clk 01:29:49]} {[%emt 00:00:11]} Nf6 {[%clk 01:31:16]}
{[%emt 00:00:07]} 3. Bg5 {[%clk 01:30:05]} {[%emt 00:00:14]} Bf5 {[%clk
01:30:07]} {[%emt 00:01:39]} 4. Bxf6 {[%clk 01:29:19]} {[%emt 00:01:16]} gxf6
{[%clk 01:30:23]} {[%emt 00:00:13]} 5. e3 {[%clk 01:28:18]} {[%emt 00:01:32]}
Nc6 {[%clk 01:28:04]} {[%emt 00:02:49]} 6. Bd3 {[%clk 01:25:24]} {[%emt
00:03:24]} Bxd3 {[%clk 01:27:17]} {[%emt 00:01:17]} 7. Qxd3 {[%clk 01:24:49]}
{[%emt 00:01:05]} e6 {[%clk 01:26:03]} {[%emt 00:01:43]} 8. O-O-O {[%clk
01:22:59]} {[%emt 00:02:20]} Qd7 {[%clk 01:22:29]} {[%emt 00:04:04]} 9. e4
{[%clk 01:05:52]} {[%emt 00:17:38]} O-O-O {[%clk 01:11:35]} {[%emt 00:11:24]}
10. exd5 {[%clk 01:02:12]} {[%emt 00:04:10]} Nb4 {[%clk 01:08:16]} {[%emt
00:03:49]} 11. Qf3 {[%clk 00:58:06]} {[%emt 00:04:35]} f5 {[%clk 01:03:58]}
{[%emt 00:04:48]} 12. dxe6 {[%clk 00:55:55]} {[%emt 00:02:42]} fxe6 {[%clk
01:03:01]} {[%emt 00:01:27]} 13. a3 {[%clk 00:55:11]} {[%emt 00:01:15]} Nd5
{[%clk 00:57:19]} {[%emt 00:06:11]} 14. Nxd5 {[%clk 00:54:28]} {[%emt
00:01:13]} Qxd5 {[%clk 00:57:30]} {[%emt 00:00:18]} 15. Qxd5 {[%clk 00:54:52]}
{[%emt 00:00:07]} Rxd5 {[%clk 00:57:54]} {[%emt 00:00:06]} 16. Nf3 {[%clk
00:54:27]} {[%emt 00:00:55]} Bg7 {[%clk 00:53:49]} {[%emt 00:04:35]} 17. Rhe1
{[%clk 00:52:27]} {[%emt 00:02:28]} Re8 {[%clk 00:48:52]} {[%emt 00:05:28]} 18.
c3 {[%clk 00:50:06]} {[%emt 00:02:52]} Rd7 {[%clk 00:44:33]} {[%emt 00:04:49]}
19. Kc2 {[%clk 00:45:51]} {[%emt 00:04:45]} Rde7 {[%clk 00:38:18]} {[%emt
00:06:44]} 20. Ne5 {[%clk 00:41:17]} {[%emt 00:05:05]} Rd8 {[%clk 00:30:18]}
{[%emt 00:08:29]} 21. f4 {[%clk 00:40:08]} {[%emt 00:01:39]} Bxe5 {[%clk
00:25:23]} {[%emt 00:05:25]} 22. Rxe5 {[%clk 00:38:55]} {[%emt 00:01:44]} c6
{[%clk 00:18:37]} {[%emt 00:07:15]} 23. Rde1 {[%clk 00:37:13]} {[%emt
00:02:12]} Rd6 {[%clk 00:17:19]} {[%emt 00:01:48]} 24. Rxf5 {[%clk 00:30:11]}
{[%emt 00:07:32]} exf5 {[%clk 00:15:37]} {[%emt 00:02:13]} 25. Rxe7 {[%clk
00:30:34]} {[%emt 00:00:07]} Rd7 {[%clk 00:15:44]} {[%emt 00:00:22]} 26. Re8+
{[%clk 00:26:35]} {[%emt 00:04:29]} Kc7 {[%clk 00:15:12]} {[%emt 00:01:02]} 27.
Rf8 {[%clk 00:26:46]} {[%emt 00:00:20]} Kd6 {[%clk 00:13:26]} {[%emt 00:02:16]}
28. Rxf5 {[%clk 00:26:09]} {[%emt 00:01:06]} Ke6 {[%clk 00:12:29]} {[%emt
00:01:27]} 29. Re5+ {[%clk 00:25:34]} {[%emt 00:01:02]} Kf6 {[%clk 00:12:34]}
{[%emt 00:00:28]} 30. g3 {[%clk 00:24:54]} {[%emt 00:01:10]} b5 {[%clk
00:11:32]} {[%emt 00:01:33]} 31. Kb3 {[%clk 00:22:14]} {[%emt 00:03:10]} Rd5
{[%clk 00:09:35]} {[%emt 00:02:26]} 32. Rxd5 {[%clk 00:22:13]} {[%emt
00:00:31]} cxd5 {[%clk 00:10:00]} {[%emt 00:00:05]} 33. Kb4 {[%clk 00:22:39]}
{[%emt 00:00:05]} Ke6 {[%clk 00:10:09]} {[%emt 00:00:21]} 34. Kxb5 {[%clk
00:23:01]} {[%emt 00:00:08]} Kd6 {[%clk 00:10:33]} {[%emt 00:00:06]} 35. c4
{[%clk 00:23:16]} {[%emt 00:00:15]} dxc4 {[%clk 00:10:43]} {[%emt 00:00:20]}
36. Kxc4 {[%clk 00:23:42]} {[%emt 00:00:04]} a6 {[%clk 00:11:00]} {[%emt
00:00:13]} 37. b4 {[%clk 00:24:04]} {[%emt 00:00:08]} h6 {[%clk 00:09:50]}
{[%emt 00:01:40]} 38. a4 {[%clk 00:24:19]} {[%emt 00:00:15]} Kc6 {[%clk
00:09:52]} {[%emt 00:00:28]} 39. b5+ {[%clk 00:24:42]} {[%emt 00:00:07]} axb5+
{[%clk 00:09:44]} {[%emt 00:00:38]} 40. axb5+ {[%emt 00:00:05]} 1-0

[Event "DVM U16w 2024"]
[Site "Neumünster GER"]
[Date "2024.12.27"]
[Round "1"]
[White "Borck, Elena"]
[Black "Eger, Nora"]
[Result "0-1"]
[Termination "normal"]
[Board "2.4"]
[WhiteElo "1035"]
[BlackElo "1570"]
[WhiteClock "00:00:47"]
[BlackClock "00:11:24"]
[WhiteTeam "TuRa Harksheide 1945 Norderstedt"]
[BlackTeam "SSV Altenberg"]
[PlyCount "56"]
[WhiteFideId "16275446"]
[BlackFideId "34605827"]
[EventCountry "GER"]
[EventRounds "7"]
[EventType "team-swiss"]
[EventDate "2024.12.26"]

1. c4 {[%clk 01:30:56]} {[%emt 00:00:04]} Nf6 {[%clk 01:30:51]} {[%emt
00:00:09]} 2. Nc3 {[%clk 01:31:18]} {[%emt 00:00:08]} g6 {[%clk 01:31:10]}
{[%emt 00:00:11]} 3. d4 {[%clk 01:31:28]} {[%emt 00:00:21]} Bg7 {[%clk
01:31:29]} {[%emt 00:00:10]} 4. e3 {[%clk 01:31:33]} {[%emt 00:00:26]} d6
{[%clk 01:30:35]} {[%emt 00:01:23]} 5. g3 {[%clk 01:30:55]} {[%emt 00:01:08]}
O-O {[%clk 01:28:54]} {[%emt 00:02:12]} 6. Bg2 {[%clk 01:29:15]} {[%emt
00:02:10]} c6 {[%clk 01:27:45]} {[%emt 00:01:38]} 7. Nge2 {[%clk 01:28:57]}
{[%emt 00:00:48]} Nbd7 {[%clk 01:26:44]} {[%emt 00:01:32]} 8. O-O {[%clk
01:27:28]} {[%emt 00:01:59]} e5 {[%clk 01:22:44]} {[%emt 00:04:29]} 9. b3
{[%clk 01:11:23]} {[%emt 00:16:35]} Qe7 {[%clk 01:17:08]} {[%emt 00:06:05]} 10.
e4 {[%clk 01:01:59]} {[%emt 00:09:55]} b6 {[%clk 01:03:23]} {[%emt 00:14:15]}
11. Be3 {[%clk 00:36:56]} {[%emt 00:25:33]} Bb7 {[%clk 01:01:02]} {[%emt
00:02:52]} 12. Qd2 {[%clk 00:33:52]} {[%emt 00:03:33]} exd4 {[%clk 00:48:48]}
{[%emt 00:12:44]} 13. Bxd4 {[%clk 00:29:25]} {[%emt 00:04:57]} c5 {[%clk
00:48:32]} {[%emt 00:00:47]} 14. Bxf6 {[%clk 00:29:44]} {[%emt 00:00:11]} Nxf6
{[%clk 00:46:47]} {[%emt 00:02:15]} 15. f3 {[%clk 00:25:24]} {[%emt 00:04:49]}
Rad8 {[%clk 00:42:24]} {[%emt 00:04:53]} 16. Rad1 {[%clk 00:23:01]} {[%emt
00:02:54]} a6 {[%clk 00:33:15]} {[%emt 00:09:38]} 17. Rfe1 {[%clk 00:19:38]}
{[%emt 00:03:53]} Qc7 {[%clk 00:28:49]} {[%emt 00:04:56]} 18. Qf4 {[%clk
00:14:12]} {[%emt 00:05:56]} Nh5 {[%clk 00:25:39]} {[%emt 00:03:40]} 19. Qe3
{[%clk 00:08:58]} {[%emt 00:05:45]} Rfe8 {[%clk 00:22:25]} {[%emt 00:03:43]}
20. Nd5 {[%clk 00:04:45]} {[%emt 00:04:44]} Bxd5 {[%clk 00:20:47]} {[%emt
00:02:07]} 21. Rxd5 {[%clk 00:05:05]} {[%emt 00:00:10]} Nf6 {[%clk 00:17:49]}
{[%emt 00:03:28]} 22. Rd3 {[%clk 00:03:02]} {[%emt 00:02:32]} d5 {[%clk
00:15:14]} {[%emt 00:03:06]} 23. cxd5 {[%clk 00:01:55]} {[%emt 00:01:38]} Nxd5
{[%clk 00:13:59]} {[%emt 00:01:45]} 24. Qf2 {[%clk 00:01:33]} {[%emt 00:00:51]}
Nb4 {[%clk 00:13:05]} {[%emt 00:01:24]} 25. Rxd8 {[%clk 00:01:21]} {[%emt
00:00:42]} Rxd8 {[%clk 00:13:27]} {[%emt 00:00:08]} 26. a3 {[%clk 00:01:30]}
{[%emt 00:00:22]} Nc2 {[%clk 00:13:26]} {[%emt 00:00:30]} 27. Rf1 {[%clk
00:00:53]} {[%emt 00:01:07]} Rd2 {[%clk 00:12:12]} {[%emt 00:01:43]} 28. Kh1
{[%clk 00:00:47]} {[%emt 00:00:37]} Bd4 {[%clk 00:11:24]} {[%emt 00:01:18]} 0-1

[Event "DVM U16w 2024"]
[Site "Neumünster GER"]
[Date "2024.12.27"]
[Round "1"]
[White "Modali, Nikhilamrutha"]
[Black "Czäczine, Paula"]
[Result "0-1"]
[Termination "normal"]
[Board "3.1"]
[WhiteElo "1640"]
[BlackElo "1811"]
[WhiteClock "00:16:58"]
[BlackClock "00:31:37"]
[WhiteTeam "Hamburger SK 1830"]
[BlackTeam "Chemnitzer SC Aufbau95"]
[PlyCount "86"]
[WhiteFideId "16282370"]
[BlackFideId "16249305"]
[EventCountry "GER"]
[EventRounds "7"]
[EventType "team-swiss"]
[EventDate "2024.12.26"]

1. e4 {[%clk 01:30:58]} {[%emt 00:00:02]} e5 {[%clk 01:30:55]} {[%emt
00:00:05]} 2. Nf3 {[%clk 01:31:24]} {[%emt 00:00:04]} Nc6 {[%clk 01:31:22]}
{[%emt 00:00:03]} 3. Bb5 {[%clk 01:31:51]} {[%emt 00:00:04]} a6 {[%clk
01:31:47]} {[%emt 00:00:05]} 4. Ba4 {[%clk 01:32:18]} {[%emt 00:00:03]} Nf6
{[%clk 01:32:11]} {[%emt 00:00:06]} 5. Qe2 {[%clk 01:32:43]} {[%emt 00:00:04]}
b5 {[%clk 01:29:33]} {[%emt 00:03:08]} 6. Bb3 {[%clk 01:33:04]} {[%emt
00:00:09]} Be7 {[%clk 01:29:13]} {[%emt 00:00:50]} 7. c3 {[%clk 01:30:23]}
{[%emt 00:03:11]} O-O {[%clk 01:24:33]} {[%emt 00:05:10]} 8. O-O {[%clk
01:28:04]} {[%emt 00:02:49]} d6 {[%emt 00:03:44]} 9. Rd1 {[%clk 01:24:54]}
{[%emt 00:03:39]} Na5 {[%clk 01:07:26]} {[%emt 00:14:25]} 10. Bc2 {[%clk
01:22:51]} {[%emt 00:02:32]} c5 {[%clk 01:04:49]} {[%emt 00:03:08]} 11. d4
{[%clk 01:19:24]} {[%emt 00:03:57]} cxd4 {[%clk 01:02:55]} {[%emt 00:02:23]}
12. cxd4 {[%clk 01:19:45]} {[%emt 00:00:09]} Qc7 {[%clk 01:02:06]} {[%emt
00:01:20]} 13. Nc3 {[%clk 01:03:16]} {[%emt 00:16:59]} Bg4 {[%clk 01:00:28]}
{[%emt 00:02:07]} 14. dxe5 {[%clk 00:55:49]} {[%emt 00:07:57]} dxe5 {[%clk
01:00:25]} {[%emt 00:00:33]} 15. Bd3 {[%clk 00:48:28]} {[%emt 00:07:51]} Nc6
{[%clk 00:52:30]} {[%emt 00:08:25]} 16. Be3 {[%clk 00:39:48]} {[%emt 00:09:10]}
Nd4 {[%clk 00:50:22]} {[%emt 00:02:38]} 17. Bxd4 {[%clk 00:37:42]} {[%emt
00:02:36]} exd4 {[%clk 00:50:39]} {[%emt 00:00:13]} 18. Nd5 {[%clk 00:34:49]}
{[%emt 00:03:23]} Nxd5 {[%clk 00:50:15]} {[%emt 00:00:55]} 19. exd5 {[%emt
00:00:27]} Rae8 {[%clk 00:31:46]} {[%emt 00:18:52]} 20. Qe4 {[%clk 00:18:51]}
{[%emt 00:16:37]} f5 {[%clk 00:31:41]} {[%emt 00:00:35]} 21. Qe6+ {[%clk
00:17:42]} {[%emt 00:01:38]} Kh8 {[%clk 00:31:18]} {[%emt 00:00:54]} 22. Rdc1
{[%clk 00:10:47]} {[%emt 00:07:25]} Qf4 {[%clk 00:24:40]} {[%emt 00:07:08]} 23.
Qe5 {[%clk 00:05:16]} {[%emt 00:05:58]} Qh6 {[%clk 00:20:01]} {[%emt 00:05:12]}
24. Rc6 {[%clk 00:04:18]} {[%emt 00:01:28]} Bf6 {[%clk 00:19:02]} {[%emt
00:01:30]} 25. Qg3 {[%clk 00:02:55]} {[%emt 00:01:52]} Qh5 {[%clk 00:14:47]}
{[%emt 00:04:45]} 26. Rxa6 {[%clk 00:01:07]} {[%emt 00:02:19]} f4 {[%clk
00:12:55]} {[%emt 00:02:21]} 27. Qxf4 {[%clk 00:00:50]} {[%emt 00:00:46]} Be5
{[%clk 00:12:19]} {[%emt 00:01:06]} 28. Qg5 {[%clk 00:00:35]} {[%emt 00:00:46]}
Bxf3 {[%clk 00:11:49]} {[%emt 00:01:00]} 29. Qxh5 {[%clk 00:00:33]} {[%emt
00:00:32]} Bxh5 {[%clk 00:12:08]} {[%emt 00:00:10]} 30. Bxb5 {[%clk 00:00:33]}
{[%emt 00:00:31]} Rd8 {[%clk 00:10:26]} {[%emt 00:02:12]} 31. Bc6 {[%clk
00:00:50]} {[%emt 00:00:12]} d3 {[%clk 00:10:15]} {[%emt 00:00:42]} 32. f3
{[%clk 00:01:17]} {[%emt 00:00:03]} Bxb2 {[%clk 00:10:01]} {[%emt 00:00:45]}
33. Rb1 {[%clk 00:00:55]} {[%emt 00:00:51]} d2 {[%clk 00:09:42]} {[%emt
00:00:49]} 34. Rd1 {[%clk 00:01:04]} {[%emt 00:00:20]} Bc1 {[%clk 00:09:36]}
{[%emt 00:00:36]} 35. Bb7 {[%clk 00:01:00]} {[%emt 00:00:35]} Bg6 {[%clk
00:09:26]} {[%emt 00:00:39]} 36. Rc6 {[%clk 00:00:38]} {[%emt 00:00:52]} Rfe8
{[%clk 00:06:55]} {[%emt 00:03:02]} 37. Kf2 {[%emt 00:00:08]} Bd3 {[%clk
00:06:54]} {[%emt 00:00:28]} 38. Rdxc1 {[%clk 00:00:32]} {[%emt 00:01:01]} Re2+
{[%clk 00:05:20]} {[%emt 00:02:03]} 39. Kg3 {[%clk 00:00:46]} {[%emt 00:00:17]}
dxc1=Q {[%clk 00:05:24]} {[%emt 00:00:25]} 40. Rxc1 {[%clk 00:00:51]} {[%emt
00:00:26]} Rxa2 {[%clk 00:05:29]} {[%emt 00:00:26]} 41. d6 {[%clk 00:29:38]}
{[%emt 00:01:42]} Ba6 {[%clk 00:31:02]} {[%emt 00:04:56]} 42. Bxa6 {[%clk
00:18:25]} {[%emt 00:11:44]} Rxa6 {[%clk 00:31:23]} {[%emt 00:00:09]} 43. d7
{[%clk 00:16:58]} {[%emt 00:01:57]} Rd6 {[%clk 00:31:37]} {[%emt 00:00:15]} 0-1

[Event "DVM U16w 2024"]
[Site "Neumünster GER"]
[Date "2024.12.27"]
[Round "1"]
[White "Czäczine, Laura"]
[Black "Krasikova, Milana"]
[Result "1-0"]
[Termination "normal"]
[Board "3.2"]
[WhiteElo "1787"]
[BlackElo "1561"]
[WhiteClock "00:27:09"]
[BlackClock "00:26:37"]
[WhiteTeam "Chemnitzer SC Aufbau95"]
[BlackTeam "Hamburger SK 1830"]
[PlyCount "101"]
[WhiteFideId "16211448"]
[BlackFideId "16287347"]
[EventCountry "GER"]
[EventRounds "7"]
[EventType "team-swiss"]
[EventDate "2024.12.26"]

1. e4 {[%clk 01:30:59]} c5 {[%clk 01:30:55]} {[%emt 00:00:06]} 2. Nf3 {[%clk
01:31:25]} {[%emt 00:00:04]} e6 {[%clk 01:31:21]} {[%emt 00:00:04]} 3. d4
{[%clk 01:31:24]} {[%emt 00:00:30]} cxd4 {[%clk 01:31:39]} {[%emt 00:00:12]} 4.
Nxd4 {[%clk 01:31:49]} {[%emt 00:00:05]} Nc6 {[%clk 01:31:34]} {[%emt
00:00:35]} 5. Nc3 {[%clk 01:30:24]} {[%emt 00:01:55]} Qc7 {[%clk 01:30:40]}
{[%emt 00:01:24]} 6. Ndb5 {[%clk 01:25:24]} {[%emt 00:05:30]} Qb8 {[%clk
01:30:51]} {[%emt 00:00:19]} 7. Bd3 {[%clk 01:24:14]} {[%emt 00:01:40]} a6
{[%clk 01:29:39]} {[%emt 00:01:42]} 8. Na3 {[%clk 01:23:19]} {[%emt 00:01:26]}
b5 {[%clk 01:24:18]} {[%emt 00:05:50]} 9. Ne2 {[%clk 01:21:55]} {[%emt
00:01:53]} Nb4 {[%clk 01:10:27]} {[%emt 00:14:21]} 10. O-O {[%clk 01:16:30]}
{[%emt 00:05:56]} Bb7 {[%clk 01:05:36]} {[%emt 00:05:21]} 11. c3 {[%clk
01:12:39]} {[%emt 00:04:21]} Nxd3 {[%clk 00:59:02]} {[%emt 00:07:04]} 12. Qxd3
{[%clk 01:13:01]} {[%emt 00:00:07]} Nf6 {[%clk 00:57:06]} {[%emt 00:02:26]} 13.
Ng3 {[%clk 01:12:11]} {[%emt 00:01:20]} d5 {[%clk 00:49:19]} {[%emt 00:08:19]}
14. exd5 {[%clk 01:10:18]} {[%emt 00:02:22]} Bxd5 {[%clk 00:49:25]} {[%emt
00:00:24]} 15. c4 {[%clk 01:07:41]} {[%emt 00:03:07]} bxc4 {[%clk 00:39:46]}
{[%emt 00:10:09]} 16. Nxc4 {[%clk 01:07:57]} {[%emt 00:00:14]} Qb5 {[%clk
00:34:16]} {[%emt 00:06:00]} 17. b3 {[%clk 01:04:10]} {[%emt 00:04:17]} Rc8
{[%clk 00:33:48]} {[%emt 00:00:59]} 18. Ne5 {[%clk 00:59:18]} {[%emt 00:05:22]}
Qb7 {[%clk 00:30:59]} {[%emt 00:03:18]} 19. f3 {[%clk 00:56:40]} {[%emt
00:03:08]} Bd6 {[%clk 00:28:01]} {[%emt 00:03:28]} 20. Bb2 {[%clk 00:53:24]}
{[%emt 00:03:47]} O-O {[%clk 00:15:03]} {[%emt 00:13:28]} 21. Rac1 {[%clk
00:46:01]} {[%emt 00:07:53]} h5 {[%clk 00:11:52]} {[%emt 00:03:40]} 22. Nc4
{[%clk 00:43:12]} {[%emt 00:03:19]} Bxc4 {[%clk 00:10:09]} {[%emt 00:02:14]}
23. Rxc4 {[%clk 00:43:20]} {[%emt 00:00:22]} Rxc4 {[%clk 00:08:26]} {[%emt
00:02:13]} 24. Qxc4 {[%clk 00:43:15]} {[%emt 00:00:34]} e5 {[%clk 00:05:33]}
{[%emt 00:03:23]} 25. Qh4 {[%clk 00:39:00]} {[%emt 00:04:45]} Qb6+ {[%clk
00:04:31]} {[%emt 00:01:33]} 26. Kh1 {[%clk 00:39:08]} {[%emt 00:00:22]} Qe3
{[%clk 00:04:07]} {[%emt 00:00:54]} 27. Bc1 {[%clk 00:33:10]} {[%emt 00:06:28]}
g5 {[%clk 00:02:58]} {[%emt 00:01:39]} 28. Qxg5+ {[%clk 00:24:56]} {[%emt
00:08:43]} Qxg5 {[%clk 00:02:59]} {[%emt 00:00:29]} 29. Bxg5 {[%clk 00:25:22]}
{[%emt 00:00:04]} Nh7 {[%clk 00:02:50]} {[%emt 00:00:39]} 30. Bh4 {[%clk
00:21:12]} {[%emt 00:04:40]} f5 {[%clk 00:02:34]} {[%emt 00:00:47]} 31. Rd1
{[%clk 00:20:14]} {[%emt 00:01:26]} Bb8 {[%clk 00:02:46]} {[%emt 00:00:19]} 32.
Nxh5 {[%clk 00:16:34]} {[%emt 00:04:09]} f4 {[%clk 00:02:43]} {[%emt 00:00:34]}
33. Be7 {[%clk 00:14:46]} {[%emt 00:02:18]} Rc8 {[%clk 00:02:26]} {[%emt
00:00:47]} 34. Nf6+ {[%clk 00:12:38]} {[%emt 00:02:38]} Nxf6 {[%clk 00:02:24]}
{[%emt 00:00:32]} 35. Bxf6 {[%clk 00:13:03]} {[%emt 00:00:05]} Kf7 {[%clk
00:02:36]} {[%emt 00:00:18]} 36. Bh4 {[%clk 00:13:02]} {[%emt 00:00:30]} Rc2
{[%clk 00:02:29]} {[%emt 00:00:38]} 37. Ra1 {[%clk 00:09:12]} {[%emt 00:04:20]}
a5 {[%clk 00:02:44]} {[%emt 00:00:15]} 38. Be1 {[%clk 00:08:53]} {[%emt
00:00:48]} Bc7 {[%clk 00:02:22]} {[%emt 00:00:53]} 39. a3 {[%clk 00:06:49]}
{[%emt 00:02:34]} Bb6 {[%clk 00:02:20]} {[%emt 00:00:32]} 40. h4 {[%clk
00:06:32]} {[%emt 00:00:46]} Rb2 {[%clk 00:02:01]} {[%emt 00:00:50]} 41. Bc3
{[%clk 00:05:51]} {[%emt 00:01:10]} Rxb3 {[%clk 00:01:58]} {[%emt 00:00:34]}
42. Bxe5 {[%clk 00:06:10]} {[%emt 00:00:11]} Bf2 {[%clk 00:01:05]} {[%emt
00:01:23]} 43. Bxf4 {[%clk 00:04:15]} {[%emt 00:02:24]} Bxh4 {[%clk 00:01:26]}
{[%emt 00:00:10]} 44. a4 {[%clk 00:03:40]} {[%emt 00:01:05]} Bf6 {[%clk
00:00:38]} {[%emt 00:01:19]} 45. Ra2 {[%clk 00:03:33]} {[%emt 00:00:35]} Rb4
{[%clk 00:30:13]} {[%emt 00:00:56]} 46. g3 {[%clk 00:32:38]} {[%emt 00:01:25]}
Bd4 {[%clk 00:28:55]} {[%emt 00:01:48]} 47. Kg2 {[%clk 00:31:58]} {[%emt
00:01:09]} Bb6 {[%clk 00:27:58]} {[%emt 00:01:28]} 48. Bd2 {[%clk 00:31:03]}
{[%emt 00:01:24]} Rb3 {[%clk 00:27:27]} {[%emt 00:01:01]} 49. g4 {[%clk
00:29:39]} {[%emt 00:01:54]} Kg6 {[%clk 00:26:57]} {[%emt 00:01:01]} 50. Rc2
{[%clk 00:27:34]} {[%emt 00:02:34]} Ra3 {[%clk 00:26:37]} {[%emt 00:00:52]} 51.
Rc6+ {[%clk 00:27:09]} {[%emt 00:00:55]} 1-0

[Event "DVM U16w 2024"]
[Site "Neumünster GER"]
[Date "2024.12.27"]
[Round "1"]
[White "Abram, Kristina-Maria"]
[Black "Ottlik, Marie"]
[Result "0-1"]
[Termination "normal"]
[Board "3.3"]
[WhiteElo "1460"]
[BlackElo "1639"]
[WhiteClock "00:43:48"]
[BlackClock "00:08:37"]
[WhiteTeam "Hamburger SK 1830"]
[BlackTeam "Chemnitzer SC Aufbau95"]
[PlyCount "60"]
[WhiteFideId "16298349"]
[BlackFideId "16281730"]
[EventCountry "GER"]
[EventRounds "7"]
[EventType "team-swiss"]
[EventDate "2024.12.26"]

1. d4 {[%clk 01:30:57]} {[%emt 00:00:02]} d5 {[%clk 01:30:50]} {[%emt
00:00:11]} 2. c4 {[%clk 01:31:13]} {[%emt 00:00:14]} e6 {[%clk 01:30:55]}
{[%emt 00:00:24]} 3. Nc3 {[%clk 01:31:33]} {[%emt 00:00:10]} Nf6 {[%clk
01:31:18]} {[%emt 00:00:07]} 4. Bg5 {[%clk 01:31:38]} {[%emt 00:00:25]} Be7
{[%clk 01:31:08]} {[%emt 00:00:40]} 5. Nf3 {[%clk 01:31:54]} {[%emt 00:00:15]}
O-O {[%clk 01:29:49]} {[%emt 00:01:48]} 6. e3 {[%clk 01:32:08]} {[%emt
00:00:16]} h6 {[%clk 01:29:02]} {[%emt 00:01:17]} 7. Bh4 {[%clk 01:32:24]}
{[%emt 00:00:14]} Re8 {[%clk 01:25:31]} {[%emt 00:04:01]} 8. Bd3 {[%clk
01:31:35]} {[%emt 00:01:15]} Nbd7 {[%clk 01:18:28]} {[%emt 00:07:36]} 9. cxd5
{[%clk 01:28:55]} {[%emt 00:03:11]} exd5 {[%clk 01:16:29]} {[%emt 00:02:29]}
10. O-O {[%clk 01:28:07]} {[%emt 00:01:18]} c6 {[%clk 01:14:18]} {[%emt
00:02:41]} 11. Re1 {[%clk 01:25:04]} {[%emt 00:03:33]} Ne4 {[%clk 00:55:57]}
{[%emt 00:18:50]} 12. Bxe7 {[%clk 01:23:59]} {[%emt 00:01:36]} Qxe7 {[%clk
00:54:59]} {[%emt 00:01:28]} 13. Nxe4 {[%clk 01:23:51]} {[%emt 00:00:38]} dxe4
{[%clk 00:54:33]} {[%emt 00:00:56]} 14. Bc4 {[%clk 01:23:51]} {[%emt 00:00:30]}
exf3 {[%clk 00:53:16]} {[%emt 00:01:47]} 15. Qxf3 {[%clk 01:24:14]} {[%emt
00:00:07]} Qf6 {[%clk 00:43:42]} {[%emt 00:10:03]} 16. Qg3 {[%clk 01:16:08]}
{[%emt 00:08:37]} Nb6 {[%clk 00:38:27]} {[%emt 00:05:45]} 17. Bd3 {[%clk
01:11:27]} {[%emt 00:05:10]} Nd5 {[%clk 00:34:38]} {[%emt 00:04:16]} 18. a3
{[%clk 01:09:43]} {[%emt 00:02:18]} Qe6 {[%clk 00:25:37]} {[%emt 00:09:28]} 19.
Bc4 {[%clk 01:06:19]} {[%emt 00:03:57]} Qg4 {[%clk 00:23:57]} {[%emt 00:02:06]}
20. Qd6 {[%clk 01:04:35]} {[%emt 00:02:13]} Be6 {[%clk 00:20:14]} {[%emt
00:04:16]} 21. h3 {[%clk 01:02:35]} {[%emt 00:02:31]} Qg5 {[%clk 00:18:19]}
{[%emt 00:02:22]} 22. f4 {[%clk 00:49:46]} {[%emt 00:13:22]} Qg3 {[%clk
00:14:06]} {[%emt 00:04:42]} 23. Bxd5 {[%clk 00:44:00]} {[%emt 00:06:16]} Bxd5
{[%clk 00:14:07]} {[%emt 00:00:31]} 24. Re2 {[%clk 00:43:33]} {[%emt 00:00:57]}
Rxe3 {[%clk 00:11:35]} {[%emt 00:03:02]} 25. Rf2 {[%clk 00:43:02]} {[%emt
00:01:01]} Rae8 {[%clk 00:11:09]} {[%emt 00:00:55]} 26. Raf1 {[%clk 00:43:18]}
{[%emt 00:00:14]} Re1 {[%clk 00:10:15]} {[%emt 00:01:25]} 27. Qb4 {[%clk
00:43:04]} {[%emt 00:00:44]} Rxf1+ {[%clk 00:10:02]} {[%emt 00:00:43]} 28. Kxf1
{[%clk 00:43:24]} {[%emt 00:00:10]} Qh2 {[%clk 00:07:52]} {[%emt 00:02:39]} 29.
Re2 {[%clk 00:43:26]} {[%emt 00:00:29]} Qh1+ {[%clk 00:08:15]} {[%emt
00:00:06]} 30. Kf2 {[%clk 00:43:48]} {[%emt 00:00:08]} Qxg2+ {[%clk 00:08:37]}
{[%emt 00:00:09]} 0-1